[Event "Pinamar Magistral 4th"]
[Site "Pinamar"]
[Date "2006.11.26"]
[Round "8"]
[White "Quinteros, Miguel Angel"]
[Black "Cordova, Emilio"]
[Result "0-1"]
[WhiteElo "2488"]
[BlackElo "2482"]
[PlyCount "78"]
[EventDate "2006.11.20"]
[EventType "tourn"]
[EventRounds "11"]
[EventCountry "ARG"]
[EventCategory "7"]
[SourceTitle "CBM 115 Extra"]
[Source "ChessBase"]
[SourceDate "2007.01.10"]
[SourceVersion "1"]
[SourceVersionDate "2007.01.10"]
[SourceQuality "1"]

1. d4 Nf6 2. c4 e6 3. g3 c5 4. Nf3 b6 5. d5 Ba6 6. Nfd2 exd5 7. Bg2 g6 8. Nc3 Bg7 9. Nxd5 Nxd5 10. Bxd5 Nc6 11. Ne4 0-0 12. Bg5 Qc7 13. Bf4 Ne5 14. Qa4 Bb7 15. Nc3 Bc6 16. Qb3 Qb7 17. 0-0 Bxd5 18. Nxd5 Nc6 19. e3 f5 20. Rad1 Rf7 21. Rd2 Re8 22. Qd1 Ne5 23. Qe2 Nc6 24. Rfd1 Nd4 25. exd4 Rxe2 26. Rxe2 h6 27. dxc5 bxc5 28. h4 Kh7 29. b3 a5 30. Re8 a4 31. Rb8 Qa7 32. Re1 g5 33. hxg5 hxg5 34. Bc7 axb3 35. axb3 Bd4 36. Kf1 f4 37. gxf4 gxf4 38. Kg2 Qa2 39. Rh1+ Kg7 0-1

[Event "Pinamar Magistral 4th"]
[Site "Pinamar"]
[Date "2006.11.23"]
[Round "5"]
[White "Kovalyov, Anton"]
[Black "Quinteros, Miguel Angel"]
[Result "1-0"]
[WhiteElo "2381"]
[BlackElo "2488"]
[PlyCount "163"]
[EventDate "2006.11.20"]
[EventType "tourn"]
[EventRounds "11"]
[EventCountry "ARG"]
[EventCategory "7"]
[SourceTitle "CBM 115 Extra"]
[Source "ChessBase"]
[SourceDate "2007.01.10"]
[SourceVersion "1"]
[SourceVersionDate "2007.01.10"]
[SourceQuality "1"]

1. c4 g6 2. d4 c5 3. Nf3 Bg7 4. e4 d6 5. Nc3 Nc6 6. d5 Na5 7. Be2 Nf6 8. 0-0 0-0 9. Bg5 h6 10. Bd2 e5 11. g3 Bh3 12. Re1 Nh5 13. b3 b6 14. Kh1 Bd7 15. Rg1 Qe7 16. Ne1 Nf6 17. Ng2 Nh7 18. f3 Nb7 19. Bd3 Rae8 20. Qc2 Ng5 21. Rgf1 Bh3 22. Rae1 Qd7 23. Rf2 Bxg2+ 24. Kxg2 Nh7 25. Nd1 h5 26. h4 Nf6 27. Kh2 Kh7 28. Bf1 Bh6 29. Bh3 Qd8 30. Bc3 Qe7 31. Ne3 Nd8 32. Ng2 Bg7 33. Qb2 Bh8 34. Rfe2 Ng8 35. Qc2 Nh6 36. Bd2 Bg7 37. Rf1 Qc7 38. Kh1 Qe7 39. Bc1 Qc7 40. Bg5 Ng8 41. Be3 Bh6 42. Bg1 Qe7 43. Bh2 Bg7 44. Ne3 Nh6 45. a3 Kh8 46. Rg2 Ng8 47. Bg1 Nf6 48. Bf2 Bh6 49. Qd3 Rg8 50. Nd1 Rg7 51. Rfg1 Rh7 52. Nc3 Kg8 53. Ne2 Qc7 54. Be1 Kh8 55. Rh2 Kg8 56. g4 Bg7 57. Nc1 hxg4 58. fxg4 Qe7 59. Ne2 Nd7 60. g5 Nf8 61. Bg4 f6 62. gxf6 Bxf6 63. h5 g5 64. Ng3 Nf7 65. Bf5 Rh8 66. Bd2 Nh6 67. Qe2 Qd8 68. Rgg2 Re7 69. Bg4 Rg7 70. Nf5 Rgh7 71. Nxh6+ Rxh6 72. Bf5 Kf7 73. Qg4 Qe7 74. b4 Rg8 75. bxc5 bxc5 76. Be3 Rg7 77. Rb2 Kg8 78. Rb8 Kh8 79. Be6 Rgh7 80. Kg1 Kg7 81. Bf5 Rh8 82. Rhb2 1-0

[Event "Pinamar Magistral 4th"]
[Site "Pinamar"]
[Date "2006.11.22"]
[Round "4"]
[White "Quinteros, Miguel Angel"]
[Black "Cubas, Jose Fernando"]
[Result "0-1"]
[WhiteElo "2488"]
[BlackElo "2426"]
[PlyCount "92"]
[EventDate "2006.11.20"]
[EventType "tourn"]
[EventRounds "11"]
[EventCountry "ARG"]
[EventCategory "7"]
[SourceTitle "CBM 115 Extra"]
[Source "ChessBase"]
[SourceDate "2007.01.10"]
[SourceVersion "1"]
[SourceVersionDate "2007.01.10"]
[SourceQuality "1"]

1. Nf3 d5 2. g3 c6 3. Bg2 Nf6 4. d3 h6 5. 0-0 Bf5 6. b3 e6 7. Bb2 Be7 8. Nbd2 0-0 9. a3 a5 10. c4 Bh7 11. Rc1 Nfd7 12. Rc2 Re8 13. Qa1 Bf8 14. Re1 Na6 15. Bh3 Nac5 16. Bd4 Qe7 17. Ne5 Nxe5 18. Bxe5 f6 19. Bb2 dxc4 20. Rxc4 e5 21. Qc1 Kh8 22. b4 Na4 23. Nf3 Nb6 24. Rc5 axb4 25. axb4 Qf7 26. Rc2 Bxb4 27. Bc3 Bf8 28. Nh4 Nd5 29. Bd2 f5 30. e4 Nb4 31. Bxb4 Bxb4 32. exf5 Bxe1 33. Qxe1 Ra2 34. Rc5 Qe7 35. Qe3 Re2 36. Qxe2 Qxc5 37. Bg4 b5 38. Bf3 b4 39. Qa2 Rb8 40. Qe6 b3 41. f6 Qf8 42. Qxe5 gxf6 43. Qb2 Bxd3 44. Bxc6 Qd6 45. Ba4 Qe5 46. Qd2 b2 0-1

[Event "Pinamar Magistral 4th"]
[Site "Pinamar"]
[Date "2006.11.20"]
[Round "1"]
[White "Hungaski, Robert Andrew"]
[Black "Quinteros, Miguel Angel"]
[Result "1-0"]
[WhiteElo "2366"]
[BlackElo "2488"]
[PlyCount "95"]
[EventDate "2006.11.20"]
[EventType "tourn"]
[EventRounds "11"]
[EventCountry "ARG"]
[EventCategory "7"]
[SourceTitle "CBM 115 Extra"]
[Source "ChessBase"]
[SourceDate "2007.01.10"]
[SourceVersion "1"]
[SourceVersionDate "2007.01.10"]
[SourceQuality "1"]

1. Nf3 c5 2. c4 g6 3. e4 Bg7 4. d4 d6 5. Nc3 Nc6 6. d5 Na5 7. Bd2 Nf6 8. Be2 0-0 9. 0-0 e5 10. Ne1 Ne8 11. g3 f5 12. Ng2 Nf6 13. f3 b6 14. Qc2 Bd7 15. Bd3 fxe4 16. Nxe4 Nxe4 17. Bxe4 Bh3 18. Rf2 Qd7 19. Re1 Rf7 20. b3 Nb7 21. Ne3 Raf8 22. Nd1 Nd8 23. Qd3 Bf5 24. Nc3 Kh8 25. Kh1 Re7 26. Rg1 Ree8 27. g4 Bxe4 28. Nxe4 Nf7 29. h4 Qe7 30. Rh2 Kg8 31. Rg3 Nh6 32. Bg5 Qd7 33. h5 Nf7 34. hxg6 Nxg5 35. gxh7+ Kh8 36. Nxg5 e4 37. Nxe4 Be5 38. Kg2 Qg7 39. Rh5 Bxg3 40. Kxg3 Re5 41. Qc3 Rxh5 42. Qxg7+ Kxg7 43. gxh5 Kxh7 44. Nxd6 Rg8+ 45. Kf4 Rg2 46. Ne4 Rxa2 47. d6 Ra1 48. d7 1-0

[Event "Corporacion del Sur-B"]
[Site "Buenos Aires"]
[Date "2006.10.09"]
[Round "7"]
[White "Lemos, Damian"]
[Black "Quinteros, Miguel Angel"]
[Result "1/2-1/2"]
[WhiteElo "2371"]
[BlackElo "2488"]
[PlyCount "159"]
[EventDate "2006.10.02"]
[EventType "tourn"]
[EventRounds "11"]
[EventCountry "ARG"]
[EventCategory "7"]
[SourceTitle "CBM 114 Extra"]
[Source "ChessBase"]
[SourceDate "2006.11.03"]
[SourceVersion "1"]
[SourceVersionDate "2006.11.03"]
[SourceQuality "1"]

1. d4 Nf6 2. c4 c5 3. d5 e5 4. Nc3 d6 5. e4 Nbd7 6. Bd3 Be7 7. Nge2 0-0 8. h3 Ne8 9. Be3 Bg5 10. Qd2 Bxe3 11. Qxe3 g6 12. g4 Ng7 13. Ng3 Qh4 14. a4 Nf6 15. Nce2 Kh8 16. 0-0-0 Ng8 17. f4 exf4 18. Qxf4 Qe7 19. Rdf1 Bd7 20. Bc2 Rae8 21. Ng1 Qe5 22. Qxe5 dxe5 23. Nf3 f6 24. Kd2 a5 25. Ne1 Re7 26. Nd3 Rc8 27. b3 Ne8 28. Ne1 Nh6 29. Ng2 Kg7 30. Ne3 Nd6 31. Rf2 Rf7 32. Rhf1 Rcf8 33. Bd3 Ng8 34. Ke1 Rd8 35. Bc2 Ne7 36. Bd3 Rh8 37. Rg1 Nec8 38. Be2 Kf8 39. Bd3 Ke7 40. h4 Rg8 41. Rgf1 Ne8 42. Rg1 Ncd6 43. Rfg2 Kf8 44. Ngf1 Rh8 45. Ng3 Rg7 46. Be2 Ke7 47. Kd1 b6 48. Bf3 Nc8 49. Rf2 Ned6 50. Kd2 Kd8 51. Kd3 f5 52. Ne2 Rf7 53. gxf5 gxf5 54. Nxf5 Bxf5 55. exf5 Rxf5 56. Ke3 Ne7 57. Bg4 Rxf2 58. Kxf2 Rf8+ 59. Ke3 Rg8 60. Be6 Rxg1 61. Nxg1 h5 62. Nf3 Ng6 63. Bg8 Ke7 64. Bh7 Nf8 65. Be4 Kf6 66. Ng5 Nd7 67. Nh7+ Kg7 68. Ng5 Nf6 69. Bd3 Ng4+ 70. Kf3 Nh6 71. Be4 Kf6 72. Nh7+ Kg7 73. Ng5 Ng4 74. Bd3 Nh6 75. Be4 Ng8 76. Ne6+ Kh6 77. Nc7 Nf6 78. Bc2 Kg7 79. Ne6+ Kh6 80. Nc7 1/2-1/2

[Event "Buenos Aires op"]
[Site "Buenos Aires"]
[Date "1999.??.??"]
[Round "3"]
[White "Vega, Fabian"]
[Black "Quinteros, Miguel Angel"]
[Result "0-1"]
[WhiteElo "2280"]
[BlackElo "2502"]
[PlyCount "92"]
[EventDate "1999.??.??"]
[EventType "swiss"]
[EventRounds "9"]
[EventCountry "ARG"]
[SourceTitle "EXT 2001"]
[Source "ChessBase"]
[SourceDate "2000.11.22"]
[SourceVersion "1"]
[SourceVersionDate "2000.11.22"]
[SourceQuality "1"]

1. e4 c5 2. d4 cxd4 3. c3 dxc3 4. Nxc3 e6 5. Bc4 a6 6. Nf3 Ne7 7. Bg5 Qc7 8. Bb3 Ng6 9. Rc1 Nc6 10. 0-0 Bd6 11. Qd2 Bf4 12. Bxf4 Qxf4 13. Qe2 b5 14. Rfd1 0-0 15. Qe1 Nge5 16. Nxe5 Nxe5 17. f3 Bb7 18. Qd2 Qxd2 19. Rxd2 g5 20. Rcd1 Rac8 21. Rd6 Rc6 22. Kf2 Rfc8 23. a3 Rxd6 24. Rxd6 Kf8 25. Ke3 Ke7 26. Rd1 d6 27. Rh1 h5 28. h4 g4 29. f4 Nc4+ 30. Bxc4 Rxc4 31. Re1 f5 32. exf5 e5 33. fxe5 dxe5 34. g3 Bf3 35. Rf1 Kf6 36. Rf2 Kxf5 37. Rd2 b4 38. axb4 Rxb4 39. Kf2 Ke6 40. Ke3 a5 41. Kf2 a4 42. Rc2 Kd6 43. Rd2+ Kc5 44. Rc2 Kc4 45. Ke3 a3 46. bxa3 Rb3 0-1

[Event "Buenos Aires Ejercito op"]
[Site "Buenos Aires"]
[Date "1998.??.??"]
[Round "4"]
[White "Quinteros, Miguel Angel"]
[Black "Amura, Claudia Noemi"]
[Result "1/2-1/2"]
[WhiteElo "2510"]
[BlackElo "2350"]
[PlyCount "96"]
[EventDate "1998.10.??"]
[EventType "swiss"]
[EventRounds "9"]
[EventCountry "ARG"]
[SourceTitle "EXT 2002"]
[Source "ChessBase"]
[SourceDate "2001.11.25"]
[SourceVersion "1"]
[SourceVersionDate "2001.11.25"]
[SourceQuality "1"]

1. Nf3 d5 2. g3 c6 3. Bg2 Bg4 4. b3 Nd7 5. Bb2 Ngf6 6. d3 e6 7. Nbd2 Bd6 8. h3 Bh5 9. e4 e5 10. 0-0 0-0 11. Qe2 Re8 12. Rfe1 Qc7 13. Qf1 dxe4 14. dxe4 b5 15. a3 a6 16. Nh4 Rad8 17. Bf3 Bg6 18. Nxg6 hxg6 19. Qe2 Nc5 20. Bg2 Ne6 21. Nf3 Nc5 22. Ng5 Qe7 23. h4 Bc7 24. Bh3 Rd6 25. Bc3 Qd8 26. a4 Bb6 27. a5 Ba7 28. Red1 Ncxe4 29. Rxd6 Nxd6 30. Rd1 Bd4 31. Bxd4 exd4 32. Qd3 c5 33. b4 Nde4 34. bxc5 Nxc5 35. Qa3 Nfe4 36. Nxe4 Nxe4 37. Re1 Nd2 38. Ra1 Qf6 39. Bg4 Ne4 40. Rf1 Nc3 41. Qc5 Re4 42. Qc8+ Kh7 43. Kg2 Re5 44. Bf3 Ne4 45. Rd1 Rc5 46. Qg4 Nd6 47. Qxd4 Qxd4 48. Rxd4 Nf5 1/2-1/2

[Event "Najdorf Memorial op"]
[Site "Buenos Aires"]
[Date "1997.??.??"]
[Round "2"]
[White "Quinteros, Miguel Angel"]
[Black "Juarez, Alberto"]
[Result "1-0"]
[WhiteElo "2510"]
[BlackElo "2245"]
[PlyCount "59"]
[EventDate "1997.05.19"]
[EventType "swiss"]
[EventRounds "9"]
[EventCountry "ARG"]
[SourceTitle "CBM 058 Extra"]
[Source "ChessBase"]
[SourceDate "1997.07.29"]
[SourceVersion "1"]
[SourceVersionDate "1997.07.29"]
[SourceQuality "1"]

1. Nf3 Nf6 2. g3 d5 3. Bg2 e6 4. 0-0 c5 5. d3 Nc6 6. Nbd2 Be7 7. e4 0-0 8. Re1 b5 9. e5 Nd7 10. Nf1 a5 11. h4 b4 12. N1h2 Ba6 13. h5 Bb5 14. Ng4 a4 15. Bf4 c4 16. d4 a3 17. b3 cxb3 18. cxb3 Rc8 19. Qd2 Qb6 20. Rac1 Ba6 21. h6 g6 22. Bg5 Bxg5 23. Qxg5 Qd8 24. Qd2 Qe7 25. Rc2 Na7 26. Rec1 Rxc2 27. Rxc2 Rb8 28. Rc7 Rb7 29. Rxd7 Rxd7 30. Nf6+ 1-0

[Event "Villa Ballester op"]
[Site "Villa Ballester"]
[Date "1997.??.??"]
[Round "5"]
[White "Quinteros, Miguel Angel"]
[Black "Needleman, Alejandro"]
[Result "1-0"]
[WhiteElo "2510"]
[BlackElo "2330"]
[PlyCount "77"]
[EventDate "1997.??.??"]
[EventType "swiss"]
[EventRounds "9"]
[EventCountry "ARG"]
[SourceTitle "EXT 1998"]
[Source "ChessBase"]
[SourceDate "1997.11.17"]
[SourceVersion "1"]
[SourceVersionDate "1997.11.17"]
[SourceQuality "1"]

1. d4 Nf6 2. c4 c5 3. d5 b5 4. Nf3 g6 5. cxb5 a6 6. bxa6 Bg7 7. Nc3 Bxa6 8. e4 Bxf1 9. Kxf1 d6 10. g3 0-0 11. Kg2 Nbd7 12. Re1 Ra7 13. h3 Qa8 14. Re2 Nb6 15. Qc2 Na4 16. Nd1 e6 17. dxe6 fxe6 18. Bg5 Nd7 19. Rc1 d5 20. b3 d4 21. Qd2 Nab6 22. a4 Nd5 23. Ne1 N5f6 24. Bxf6 Nxf6 25. f3 Qb8 26. Rxc5 Qxb3 27. Nb2 Nd7 28. Rb5 Qc3 29. Ned3 Rc8 30. Qg5 Qa3 31. Qg4 Qe7 32. e5 Nb8 33. Nc5 Nc6 34. Nbd3 Kf7 35. h4 h5 36. Qf4+ Kg8 37. Qe4 Qf7 38. Rb6 Rac7 39. Na6 1-0

[Event "Clarin GP op"]
[Site "Villa Martelli"]
[Date "1997.??.??"]
[Round "3"]
[White "Quinteros, Miguel Angel"]
[Black "Szmetan, Jorge"]
[Result "1-0"]
[WhiteElo "2505"]
[BlackElo "2430"]
[PlyCount "90"]
[EventDate "1997.??.??"]
[EventType "swiss"]
[EventRounds "9"]
[EventCountry "ARG"]
[SourceTitle "EXT 1999"]
[Source "ChessBase"]
[SourceDate "1998.11.16"]
[SourceVersion "1"]
[SourceVersionDate "1998.11.16"]
[SourceQuality "1"]

1. d4 d6 2. e4 Nf6 3. f3 d5 4. e5 Nfd7 5. Be3 c5 6. c3 Nc6 7. f4 e6 8. Nf3 Be7 9. Bd3 0-0 10. Nbd2 Qb6 11. Qc2 h6 12. a3 a5 13. 0-0 f5 14. Rae1 Rf7 15. h3 Nf8 16. g4 Bd7 17. Kh2 Rc8 18. Qb1 cxd4 19. cxd4 a4 20. Rg1 Qa5 21. Nf1 Kh8 22. Ng3 g6 23. Bd2 Qa7 24. gxf5 exf5 25. Ne2 Rg7 26. Nc3 Be6 27. Qd1 Re8 28. Be3 Qa5 29. Qd2 Na7 30. Rc1 Rc8 31. Bf2 Nc6 32. Bb5 Na7 33. Be2 Bd7 34. Bh4 Bxh4 35. Nxh4 Nc6 36. Rg3 Ne7 37. Rcg1 Qb6 38. Bf3 Rc4 39. Ne2 Ne6 40. Nxg6+ Rxg6 41. Rxg6 Nxg6 42. Rxg6 Nxd4 43. Rg3 Qxb2 44. Rg2 Nxe2 45. Rxe2 Qc3 1-0

[Event "Trelew Clarin-GP"]
[Site "Trelew"]
[Date "1995.??.??"]
[Round "9"]
[White "Garcia, Raimundo"]
[Black "Quinteros, Miguel Angel"]
[Result "1/2-1/2"]
[WhiteElo "2395"]
[BlackElo "2520"]
[PlyCount "123"]
[EventDate "1995.??.??"]
[EventType "swiss"]
[EventRounds "9"]
[EventCountry "ARG"]
[SourceTitle "EXT 1997"]
[Source "ChessBase"]
[SourceDate "1996.11.15"]
[SourceVersion "1"]
[SourceVersionDate "1996.11.15"]
[SourceQuality "1"]

1. Nf3 Nf6 2. c4 e6 3. d4 c5 4. e3 g6 5. Nc3 b6 6. Be2 Bg7 7. 0-0 0-0 8. b3 Bb7 9. Bb2 Qe7 10. Qd2 Rd8 11. Rad1 d6 12. dxc5 bxc5 13. Qc1 Nc6 14. Qa1 Ne8 15. Nb5 f5 16. Bxg7 Nxg7 17. Rd2 a6 18. Nc3 g5 19. Rfd1 g4 20. Ne1 h5 21. f4 h4 22. h3 gxh3 23. Bf3 h2+ 24. Kxh2 Ne8 25. Nc2 Nf6 26. Rh1 Kf7 27. Qd1 Rd7 28. e4 Nd4 29. Nxd4 cxd4 30. Rxd4 e5 31. Rd2 fxe4 32. Bh5+ Kf8 33. f5 e3 34. Rc2 Qg7 35. Bg6 Qh6 36. Kg1 Ke7 37. Nd5+ Bxd5 38. cxd5 Qg5 39. Rc4 Rh8 40. Rh3 e2 41. Qxe2 Nxd5 42. Qg4 Qxg4 43. Rxg4 Kf6 44. Rhxh4 Rxh4 45. Rxh4 Nc3 46. Rc4 Nxa2 47. Kf2 a5 48. Kg3 Nb4 49. Kh4 d5 50. Rc8 d4 51. g4 Nd5 52. g5+ Kg7 53. Bh5 Rd6 54. Re8 d3 55. Rxe5 d2 56. Kg3 Rd8 57. f6+ Nxf6 58. Re7+ Kf8 59. gxf6 d1Q 60. Bxd1 Rxd1 61. Kf4 Rd6 62. Kg5 1/2-1/2

[Event "Buenos Aires Clarin op"]
[Site "Buenos Aires"]
[Date "1995.??.??"]
[Round "7"]
[White "Quinteros, Miguel Angel"]
[Black "Campora, Daniel Hugo"]
[Result "0-1"]
[WhiteElo "2505"]
[BlackElo "2525"]
[PlyCount "86"]
[EventDate "1995.05.??"]
[EventType "swiss"]
[EventRounds "9"]
[EventCountry "ARG"]
[SourceTitle "CBM 046 Extra"]
[Source "ChessBase"]
[SourceDate "1995.07.01"]
[SourceVersion "1"]
[SourceVersionDate "1995.07.01"]
[SourceQuality "1"]

1. d4 d5 2. c4 e6 3. Nf3 Nf6 4. g3 Be7 5. Bg2 0-0 6. 0-0 c6 7. Nc3 b6 8. Ne5 Bb7 9. e4 Na6 10. Qa4 Qe8 11. Be3 dxc4 12. Qxc4 c5 13. d5 Nc7 14. Rfd1 b5 15. Qb3 Rd8 16. dxe6 Rxd1+ 17. Rxd1 fxe6 18. a4 a6 19. axb5 axb5 20. Ra1 Ba8 21. Ra7 c4 22. Qa2 Bd6 23. f4 b4 24. Nxc4 bxc3 25. Nxd6 Qc6 26. Nc4 Ng4 27. bxc3 Nb5 28. Ra6 Qc8 29. Bd4 Nxc3 30. Rxa8 Nxa2 31. Rxc8 Rxc8 32. Bf1 Nb4 33. h3 Nf6 34. e5 Nfd5 35. Kf2 Nc2 36. Bb2 Rb8 37. Bd3 Nce3 38. Bd4 Nxc4 39. Bxc4 Rb4 40. Bxd5 exd5 41. Ke3 Rb3+ 42. Kf2 g6 43. Kg2 Kf7 0-1

[Event "San Martin"]
[Site "San Martin"]
[Date "1995.??.??"]
[Round "10"]
[White "Quinteros, Miguel Angel"]
[Black "Garbarino, Rodolfo"]
[Result "1-0"]
[WhiteElo "2505"]
[BlackElo "2420"]
[PlyCount "71"]
[EventDate "1995.03.??"]
[EventType "tourn"]
[EventRounds "13"]
[EventCountry "ARG"]
[EventCategory "10"]
[SourceTitle "CBM 048"]
[Source "ChessBase"]
[SourceDate "1995.10.01"]
[SourceVersion "1"]
[SourceVersionDate "1995.10.01"]
[SourceQuality "1"]

1. d4 e6 2. c4 b6 3. a3 Bb7 4. Nc3 f5 5. d5 Nf6 6. Nf3 Bd6 7. g3 0-0 8. Bg2 Qe8 9. Nd4 Na6 10. 0-0 f4 11. gxf4 exd5 12. Ndb5 Qg6 13. Nxd6 cxd6 14. cxd5 Nc5 15. f3 a5 16. e4 Ba6 17. f5 Qh5 18. Rf2 Nd3 19. Rd2 Ne5 20. Rd4 Qh4 21. h3 g6 22. Be3 Nh5 23. Qe1 Qf6 24. Rad1 gxf5 25. exf5 Qxf5 26. Rg4+ Kh8 27. Qh4 Nf6 28. Rg5 Nxf3+ 29. Bxf3 Qxf3 30. Bd4 Rae8 31. Kh2 Bf1 32. Rd2 Be2 33. Rg3 Qf1 34. Rg1 Qf3 35. Rg2 Bc4 36. Rdf2 1-0

[Event "Buenos Aires op"]
[Site "Buenos Aires"]
[Date "1995.??.??"]
[Round "9"]
[White "Quinteros, Miguel Angel"]
[Black "Giardelli, Sergio Carlos"]
[Result "1-0"]
[WhiteElo "2505"]
[BlackElo "2465"]
[PlyCount "75"]
[EventDate "1995.??.??"]
[EventType "swiss"]
[EventRounds "9"]
[EventCountry "ARG"]
[SourceTitle "EXT 1997"]
[Source "ChessBase"]
[SourceDate "1996.11.15"]
[SourceVersion "1"]
[SourceVersionDate "1996.11.15"]
[SourceQuality "1"]

1. d4 Nf6 2. c4 c5 3. d5 b5 4. cxb5 a6 5. bxa6 g6 6. Nc3 Bxa6 7. Nf3 Bg7 8. e4 Bxf1 9. Kxf1 d6 10. g3 0-0 11. Kg2 Nbd7 12. Re1 Ng4 13. Nd2 Nge5 14. Qe2 Nb6 15. f4 Ned7 16. a4 Ra7 17. a5 Qb8 18. Ra3 Na8 19. Nc4 Nc7 20. Rd1 Nb5 21. Nxb5 Qxb5 22. Bd2 Rb8 23. Qd3 Qa6 24. Bc3 Rb4 25. Bxg7 Qxc4 26. Bc3 Qxd3 27. Rxd3 Rxe4 28. Kf3 f5 29. Re3 Rxe3+ 30. Kxe3 Kf7 31. Kd3 e6 32. Kc4 Nb8 33. Ra1 exd5+ 34. Kxd5 Ke7 35. Re1+ Kd7 36. Re6 Ra6 37. h4 Rc6 38. h5 1-0

[Event "Mar del Plata op 26th"]
[Site "Mar del Plata"]
[Date "1995.??.??"]
[Round "7"]
[White "Quinteros, Miguel Angel"]
[Black "Larsen, Bent"]
[Result "0-1"]
[WhiteElo "2505"]
[BlackElo "2505"]
[PlyCount "92"]
[EventDate "1995.05.??"]
[EventType "swiss"]
[EventRounds "9"]
[EventCountry "ARG"]
[SourceTitle "EXT 1997"]
[Source "ChessBase"]
[SourceDate "1996.11.15"]
[SourceVersion "1"]
[SourceVersionDate "1996.11.15"]
[SourceQuality "1"]

1. d4 Nf6 2. c4 d6 3. Nc3 e5 4. Nf3 Nbd7 5. e4 g6 6. g3 Bg7 7. Bg2 0-0 8. 0-0 Re8 9. h3 a6 10. Re1 Rb8 11. d5 Qe7 12. b4 c5 13. a3 Qf8 14. Rb1 Bh6 15. Ng5 Nh5 16. Be3 Qe7 17. Qd2 b6 18. Rb2 f5 19. exf5 gxf5 20. h4 cxb4 21. axb4 Nf8 22. c5 Ng6 23. cxd6 Qxd6 24. Qd1 Nf6 25. Nge4 Nxe4 26. Nxe4 fxe4 27. Bxh6 Nf4 28. Bxf4 exf4 29. Bxe4 Re7 30. Qh5 Bd7 31. Rbe2 Rg7 32. Bg2 Rf8 33. Re5 Bg4 34. Qg5 h6 35. Re6 Bxe6 36. Qxh6 fxg3 37. fxg3 Qxg3 38. Qxe6+ Kh7 39. Qe4+ Kh8 40. Re2 Rc8 41. Rf2 Rg4 42. Qe1 Rcg8 43. h5 Rh4 44. Qe6 Qg7 45. d6 Rxb4 46. Qe3 Rg4 0-1